Oropesa : (Record no. 22186)
[ view plain ]
| 000 -CABECERA | |
|---|---|
| fixed length control field | 01190nam a22002657a 4500 |
| 003 - IDENTIFICADOR DEL NÚMERO DE CONTROL | |
| control field | AR-CdUCM |
| 008 - DATOS DE LONGITUD FIJA--INFORMACIÓN GENERAL | |
| fixed length control field | 190425b ||||| |||| 00| 0 spa d |
| 040 ## - FUENTE DE LA CATALOGACIÓN | |
| Agencia/entidad que catalogó originalmente la obra | MUNICIPALIDAD PROVINCIAL DEL CUSCO |
| Entidad que transcribió la catalogación | BIBLIOTECA MUNICIPAL DEL CUSCO |
| 082 ## - NÚMERO DE LA CLASIFICACIÓN DECIMAL DEWEY | |
| No. de Clasificación | Oropesa/N°85/2013 |
| 245 ## - MENCIÓN DE TÍTULO | |
| Título | Oropesa : |
| Resto del título | revista de cultura y educación de opinión y crítica / |
| Mención de responsabilidad | Américo Valer Vargas, Director |
| 260 ## - PUBLICACIÓN, DISTRIBUCIÓN, ETC. | |
| Lugar de publicación, distribución, etc. | Cusco. |
| Nombre de la editorial, distribuidor, etc. | Lezama, |
| Fecha de publicación, distribución, etc. | 2013. |
| 300 ## - DESCRIPCIÓN FÍSICA | |
| Nº de Páginas Extensión | 18 páginas. : |
| Otros detalles físicos | ilustraciones ; |
| Dimensiones | 30 cm. |
| 440 ## - MENCIÓN DE SERIE/PUNTO DE ACCESO ADICIONAL--TÍTULO | |
| Título | Oropesa. |
| Número de la parte/sección de una obra | Año XXXII, N°LXXXV, febrero 2013. |
| 9 (RLIN) | 47610 |
| 505 ## - NOTA DE CONTENIDO CON FORMATO | |
| Nota de contenido formateada | Contenido: En busca de leyes sociales. -- Cultura y lengua. -- Irrigación parqowaylla. -- La plaza de armas un monumento a conservar. -- Apuntes para la historia de Oropesa. -- El pueblo del Cusco defiende al Inka. -- Guaynapicchu desde la perspectiva histórica. |
| 650 ## - PUNTO DE ACCESO ADICIONAL DE MATERIA--TÉRMINO DE MATERIA | |
| Descriptor | Política cusqueña |
| 9 (RLIN) | 47381 |
| 650 ## - PUNTO DE ACCESO ADICIONAL DE MATERIA--TÉRMINO DE MATERIA | |
| Descriptor | Cultura andina |
| 9 (RLIN) | 47570 |
| 650 ## - PUNTO DE ACCESO ADICIONAL DE MATERIA--TÉRMINO DE MATERIA | |
| Descriptor | Sociedad cusqueña |
| 9 (RLIN) | 47493 |
| 650 ## - PUNTO DE ACCESO ADICIONAL DE MATERIA--TÉRMINO DE MATERIA | |
| Descriptor | Siglo XX |
| 9 (RLIN) | 47561 |
| 700 ## - PUNTO DE ACCESO ADICIONAL--NOMBRE DE PERSONA | |
| Nombre Personal | Valer Vargas, Américo |
| 9 (RLIN) | 47562 |
| 700 ## - PUNTO DE ACCESO ADICIONAL--NOMBRE DE PERSONA | |
| Nombre Personal | Valenzuela Lovón, Armando |
| 9 (RLIN) | 1192 |
| 700 ## - PUNTO DE ACCESO ADICIONAL--NOMBRE DE PERSONA | |
| Nombre Personal | Gil Mora, Eduardo |
| 9 (RLIN) | 46972 |
| 700 ## - PUNTO DE ACCESO ADICIONAL--NOMBRE DE PERSONA | |
| Nombre Personal | Amado Gonzales, Donato |
| 9 (RLIN) | 45219 |
| 942 ## - ELEMENTOS DE PUNTO DE ACCESO ADICIONAL (KOHA) | |
| Fuente de clasificación | |
| Tipo de item | Revistas cusqueñas |
| 945 ## - PROCESAMIENTO DE INFORMACIÓN LOCAL (OCLC) | |
| Catalogador | rac |
No items available.